00543nam a2200181Ia 4500003000900000005001700009008004100026040003300067041000800100080001200108100002800120245002900148260002900177300003500206942000700241952009600248999001700344LK-CoDNM20240826103648.0010623t1891 xxu||||| |||| 00| 1 eng d aLK-CoDNMdLK-CoDNMeLK-CoDNM aeng a22 bI8 aMonier, Williams Monier aModern India and Indians bKegan paulaLondonc1891 b377p. : map ; 260: 25 cm cBK 001041708OBCaMAINbMAINcREFd2024-08-26l0o22 I8pOB6175r2024-08-26w2024-08-26yBK c83330d83330